00426nam a2200109Ia 4500008004100000020001800041100003200059245011600091260003900207650002000246856005000266171212s9999 xx 000 0 und d a9781925261400 aDo, Loc G.;Spencer, A. John cDo, Loc G.;Spencer, A. JohnaOral health of Australian childrenbThe National Child Oral Health Study 2012–14 bUniversity of Adelaide Pressc2016 aHealth Sciences uhttp://jstor.org/stable/10.20851/j.ctt1sq5wh7